000 00412nam a2200133Ia 4500
008 230801s9999||||xx |||||||||||||| ||und||
020 _a9780007253890
082 _a616.8
_bR1653
100 _aRamachandran, V. S. & Blakeslee, Sandra
245 0 _aPhantoms in the brain: human nature and the architecture of the mind
260 _aLondon
_bHarper Collins Publishers
_c2016
300 _axix, 328 p.
942 _cBK
999 _c27104
_d27104